000 01111pam a2200337 i 4500
999 _c1724
_d1724
001 019427545
003 Uk
005 20230120151224.0
008 190415s2019 enka j 000|f|eng|d
015 _aGBB9A1087
_2bnb
016 7 _a019427545
_2Uk
020 _a9781405292689
_qpaperback
040 _aStDuBDS
_beng
_cStDuBDS
_dUk
_dKH8
_erda
042 _aukblcatcopy
082 0 4 _a823.912 BLY
_223
100 1 _aBlyton, Enid,
_eauthor.
245 1 2 _aA daring school rescue /
_cEnid Blyton ; illustrated by Alex Paterson.
264 1 _aLondon :
_bEgmont,
_c2019.
300 _a64 pages :
_billustrations (colour) ;
_c20 cm.
336 _atext
_2rdacontent
336 _astill image
_2rdacontent
337 _aunmediated
_2rdamedia
338 _avolume
_2rdacarrier
490 0 _aA wishing-chair adventure
500 _aOriginally published: as part of The wishing-chair again. London: George Newnes, 1950.
500 _aFormerly CIP.
_5Uk
655 0 _aChildren's stories.
700 1 _aPaterson, Alex
_q(Alex R. J.),
_eillustrator.
700 1 _aBlyton, Enid.
_tWishing-chair again.
942 _2ddc
_cNFIC